000 01331nam a2200337 4500
001 12466
003 ES-MaACL
005 20240527195126.0
007 t|
008 000000s1978 sp bc ||||0| spa d
016 7 _z05420066
020 _a84-235-0330-5
040 _aIBH
_bspa
_cM-BN-DP
080 _a946.5(093):016
080 _a930.255(443.61 P.)Nationales
080 _a016:946.5(093)
100 1 _aBaleztena, Javier.
_924923
245 1 0 _aDocumentos navarros en los archivos nacionales franceses
_b: Paris /
_c[por] Javier Baleztena.
260 _aPamplona :
_bDiputación Foral de Navarra, Institución Príncipe de Viana, Consejo Superior de Investigaciones Científicas,
_c1978.
300 _a278 p. ;
_c25 cm.
490 1 _aColección de textos medievales de la Institución Principe de Viana ;
_v5
500 _aIndicies.
504 _aBibliografía.
610 2 7 _aArchives Nationales (Francia)-
_vCatálogos.
_91419
651 4 _aNavarra (Reino)-
_xHistoria-
_vFuentes-
_vBibliografías.
_99116
710 2 _aInstitución Príncipe de Viana
_94730
710 1 _aNavarra (Comunidad Autónoma).
_bDiputación Foral.
_95984
830 0 _aColección de textos medievales de la Institución Principe de Viana ;
_v5
_9228302
852 _aES-MaACL
_jL-19686
_bR.119288
999 _c12466
_d12466